000 00842nas a2200289 4500
001 BR0400693
003 BR-BrBNA
005 20231205104327.0
007 ta
008 230509b bl.|||p| |||| 00| 00por d
040 _aBR-BrBNA
_bpor
_cBiblioteca Nacional de Agricultura
041 _a(Pt)
072 _aL10
100 1 _aOhashi, O.M.
100 1 _aMiranda, M.S.
100 1 _aSousa, J.S.
100 1 _aSousa, A.J.O.
100 1 _aCordeiro, M.S.
100 1 _aBiondi, F.C.
245 1 _aProdução in vitro de embrião bubalino
650 _aBÚFALO
650 _aCULTURA IN VITRO
650 _aTRANSFERÊNCIA DE EMBRIÃO
773 0 _tRevista Brasileira de Reprodução Animal (Brazil)
_xISSN 0102-0803
_g(Apr-Jun 2003), v. 27(2) p. 103-108
_wBR0400693
909 _a202311
_bLúcia
_c55
_dLúcia Elande
942 _2AGRIS
_n0
_cANA
999 _c177579
_d177579